Départements miroirs - Statistiques

Statistiques générales
  • Ce quiz a été pris 67 fois
  • Le résultat moyen est 12 sur 16
Statistiques - réponses
Hint Réponse % Correct
Aube Ain
92%
Gironde Gironde
86%
Paris Moselle
81%
Oise Alpes Maritimes
80%
Landes Alpes-de-Haute-Provence
78%
Ariège Territoire de Belfort
78%
Var Isère
76%
Pas-de-Calais Drôme
75%
Charente Orne
75%
Tarn Cher
73%
Loiret Meurthe-et-Moselle
73%
Loire Dordogne
71%
Lozère Vaucluse
69%
Haute-Vienne Yvelines
68%
Calvados Loir-et-Cher
66%
Morbihan Hautes Pyrénées
64%
Aucun quiz correspondant
Distribution des résultats
% des personnes avec chaque résultat
Percentile par nombre de réponses
Votre historique - résultats
Vous n’avez pas pris ce quiz